[Event "2. Bundesliga West 2015/16"]
[Site "Bludenz"]
[Date "2015.11.28"]
[Round "4"]
[Board "6"]
[White "Vlasak, Reinhard"]
[Black "Kimpel, Janine"]
[Result "1/2-1/2"]
[WhiteElo "2049"]
[BlackElo "1765"]
[PlyCount "98"]
[EventDate "2015.10.16"]
[EventType "team"]
[EventRounds "11"]
[EventCountry "AUT"]
[WhiteTeam "ASK Salzburg"]
[BlackTeam "Pradl"]

1. e4 Nf6 2. e5 Nd5 3. d4 d6 4. c4 Nb6 5. exd6 cxd6 6. Nc3 g6 7. Be3 Bg7 8. Qd2
Nc6 9. Rc1 O-O 10. b3 Nd7 11. Nf3 Nf6 12. Be2 Bg4 13. O-O a6 14. Rfd1 d5 15. h3
Bf5 16. cxd5 Nxd5 17. Nxd5 Qxd5 18. Bc4 Qd8 19. d5 Ne5 20. Nxe5 Bxe5 21. Qb4
Qd7 22. Be2 a5 23. Qd2 Qd8 24. Bf3 Rb8 25. Bg5 Qd6 26. Qxa5 Rbc8 27. Qb5 Rb8
28. Be3 Qf6 29. Ba7 Rbd8 30. Qxb7 Bxh3 31. d6 Bc8 32. Qxe7 Rxd6 33. Qxf6 Rxd1+
34. Rxd1 Bxf6 35. Bc5 Re8 36. a4 Bf5 37. Bd5 Kg7 38. a5 Bc8 39. Bc4 Bb7 40.
Bxf7 Re5 41. Bc4 Rxc5 42. Rd7+ Kh6 43. Rxb7 Rxa5 44. Bg8 Ra1+ 45. Kh2 Be5+ 46.
Kh3 Kg5 47. g3 Bd4 48. Bxh7 Bxf2 49. Bg8 Rg1 1/2-1/2

[Event "2. Bundesliga West 2015/16"]
[Site "Bludenz"]
[Date "2015.11.28"]
[Round "4"]
[Board "1"]
[White "Spornberger, Maximilian"]
[Black "Bertagnolli, Alexander"]
[Result "0-1"]
[WhiteElo "2347"]
[BlackElo "2343"]
[PlyCount "76"]
[EventDate "2015.10.16"]
[EventType "team"]
[EventRounds "11"]
[EventCountry "AUT"]
[WhiteTeam "Rochade Rum"]
[BlackTeam "Kufstein/Woergl"]

1. e4 c5 2. d4 cxd4 3. c3 dxc3 4. Nxc3 Nc6 5. Nf3 e6 6. Bc4 Qc7 7. O-O Nf6 8.
Nb5 Qb8 9. e5 a6 10. exf6 axb5 11. fxg7 Bxg7 12. Bxb5 O-O 13. Be3 d5 14. Qd2
Ne5 15. Bc5 Rd8 16. Rfe1 Nxf3+ 17. gxf3 Bd7 18. Bd3 Kh8 19. Kh1 Rg8 20. Qg5 f5
21. Be7 Qe8 22. Rg1 Qf7 23. Qh4 Bxb2 24. Rab1 Rxg1+ 25. Rxg1 Rxa2 26. Qg3 Ra8
27. Qd6 Bc6 28. Re1 Qg7 29. Rg1 Qe5 30. Qxe5+ Bxe5 31. Re1 Ra1 32. Bb1 Bc3 33.
Rg1 b5 34. Kg2 Kg7 35. Kh3+ Kf7 36. Bg5 b4 37. Rc1 d4 38. Bh6 Bxf3 0-1

[Event "2. Bundesliga West 2015/16"]
[Site "Bludenz"]
[Date "2015.11.28"]
[Round "4"]
[Board "2"]
[White "Levushkina, Elena"]
[Black "Gatterer, Florian"]
[Result "1/2-1/2"]
[WhiteElo "2299"]
[BlackElo "2223"]
[PlyCount "161"]
[EventDate "2015.10.16"]
[EventType "team"]
[EventRounds "11"]
[EventCountry "AUT"]
[WhiteTeam "Kufstein/Woergl"]
[BlackTeam "Rochade Rum"]

1. e4 c6 2. c4 d5 3. exd5 cxd5 4. cxd5 Nf6 5. Nc3 Nxd5 6. Nf3 Nc6 7. Bb5 g6 8.
Qb3 Be6 9. Nd4 Qd7 10. Ne4 Nc7 11. Nxe6 Nxe6 12. O-O Bg7 13. Qa4 Rc8 14. Bc4
O-O 15. d3 Rfd8 16. Be3 Ned4 17. Rab1 a6 18. Qd1 b5 19. Bb3 Na5 20. Bxd4 Qxd4
21. Bc2 h6 22. b4 Nc6 23. a3 Ne5 24. Nc5 Nd7 25. Nxa6 Qb6 26. Nc5 Nxc5 27. bxc5
Qxc5 28. Bb3 Qxa3 29. Qe2 Qc5 30. Bd1 e6 31. d4 Bxd4 32. Rxb5 Qc4 33. Qxc4 Rxc4
34. g3 Rc1 35. Bf3 Rdc8 36. Rb4 e5 37. Rb1 R1c2 38. Bd5 R8c5 39. Bb3 Rd2 40.
Kg2 Kg7 41. Rbd1 Rb2 42. Rb1 Rd2 43. Rbd1 Rxd1 44. Rxd1 Rc3 45. Ba4 Ra3 46. Bc2
h5 47. Rd2 f5 48. f4 Be3 49. Rd7+ Kh6 50. Rc7 exf4 51. gxf4 Bd2 52. Rc4 h4 53.
Bd1 h3+ 54. Kf1 Be3 55. Bc2 Ra2 56. Rc6 Kg7 57. Rc7+ Kf6 58. Rc6+ Kg7 59. Rc7+
Kf8 60. Bb3 Rb2 61. Rc3 Bxf4 62. Rxh3 Rxh2 63. Rxh2 Bxh2 64. Kg2 Be5 65. Bc2
Kg7 66. Kf3 Kf6 67. Bd3 g5 68. Be2 Bf4 69. Bd3 Ke5 70. Bc2 Bd2 71. Bd3 g4+ 72.
Kg2 Be1 73. Bc2 Kf4 74. Bd3 Ke5 75. Bc2 f4 76. Bd1 Kf5 77. Be2 Kg5 78. Bd1 Kh4
79. Be2 f3+ 80. Bxf3 gxf3+ 81. Kxf3 1/2-1/2

[Event "2. Bundesliga West 2015/16"]
[Site "Bludenz"]
[Date "2015.11.28"]
[Round "4"]
[Board "3"]
[White "Hengl, Christian"]
[Black "Koepke, Christian"]
[Result "0-1"]
[WhiteElo "2245"]
[BlackElo "2322"]
[PlyCount "80"]
[EventDate "2015.10.16"]
[EventType "team"]
[EventRounds "11"]
[EventCountry "AUT"]
[WhiteTeam "Rochade Rum"]
[BlackTeam "Kufstein/Woergl"]

1. e4 c5 2. Nf3 Nc6 3. c3 d5 4. exd5 Qxd5 5. d4 e6 6. Be3 cxd4 7. cxd4 Nf6 8.
Nc3 Qd6 9. Qd2 Be7 10. Bb5 O-O 11. O-O Bd7 12. Bf4 Qb4 13. a3 Qa5 14. b4 Qb6
15. Bd3 Rfe8 16. Na4 Qd8 17. Nc5 Bc8 18. Rac1 Nd5 19. Bg3 Bf6 20. Rfd1 Nce7 21.
Ne4 Nf5 22. Nxf6+ Qxf6 23. Be5 Qd8 24. Be4 Bd7 25. Rc5 Ba4 26. Rdc1 Nfe7 27.
Qg5 Ng6 28. Qh5 Nf6 29. Bxf6 Qxf6 30. Ng5 h6 31. Nxf7 Nf4 32. Nxh6+ Qxh6 33.
Qg4 Bc6 34. Bxc6 bxc6 35. Rxc6 Rf8 36. h4 Rf6 37. R1c5 Nd5 38. Qe4 Raf8 39. f3
Qd2 40. Rxe6 Nf4 0-1

[Event "2. Bundesliga West 2015/16"]
[Site "Bludenz"]
[Date "2015.11.28"]
[Round "4"]
[Board "4"]
[White "Rusche, Johannes"]
[Black "Hoellrigl, Wilfried"]
[Result "1-0"]
[WhiteElo "2274"]
[BlackElo "2153"]
[PlyCount "58"]
[EventDate "2015.10.16"]
[EventType "team"]
[EventRounds "11"]
[EventCountry "AUT"]
[WhiteTeam "Kufstein/Woergl"]
[BlackTeam "Rochade Rum"]

1. e4 c5 2. Nf3 Nc6 3. c3 Nf6 4. e5 Nd5 5. Bc4 Nb6 6. Bb3 c4 7. Bc2 Qc7 8. O-O
Nxe5 9. Nxe5 Qxe5 10. Re1 Qc7 11. a4 d5 12. d4 e6 13. Qh5 a5 14. Na3 Bd7 15.
Nb5 Bxb5 16. Rxe6+ Be7 17. axb5 g6 18. Qe5 Qxe5 19. Rxe5 Kd7 20. Bh6 Bd6 21.
Re3 Rhe8 22. g4 Rxe3 23. fxe3 a4 24. Rf1 Ke6 25. e4 Ra5 26. Bc1 a3 27. bxa3
Bxa3 28. e5 Nd7 29. Bg5 Be7 1-0

[Event "2. Bundesliga West 2015/16"]
[Site "Bludenz"]
[Date "2015.11.28"]
[Round "4"]
[Board "5"]
[White "Jedinger, Andreas"]
[Black "Neuschmied, Siegfried"]
[Result "1/2-1/2"]
[WhiteElo "2105"]
[BlackElo "2246"]
[PlyCount "116"]
[EventDate "2015.10.16"]
[EventType "team"]
[EventRounds "11"]
[EventCountry "AUT"]
[WhiteTeam "Rochade Rum"]
[BlackTeam "Kufstein/Woergl"]

1. e4 d6 2. d4 g6 3. Nc3 Bg7 4. h3 a6 5. Be3 b5 6. a4 b4 7. Nd5 a5 8. Bg5 Bb7
9. Qd3 Nd7 10. Nf3 h6 11. Bh4 g5 12. Bg3 e6 13. Ne3 Ngf6 14. e5 Nh5 15. Nc4
Nxg3 16. fxg3 dxe5 17. Ncxe5 Nxe5 18. Nxe5 Qd5 19. Qe3 Bxe5 20. dxe5 O-O-O 21.
Bd3 Kb8 22. b3 Qxg2 23. O-O-O Qc6 24. Rhf1 Qc3 25. Kb1 Rd5 26. Qe1 Qc5 27. Qf2
Qxf2 28. Rxf2 Rxe5 29. Rxf7 Rd8 30. Rdf1 Re3 31. Rh7 Bf3 32. Rxh6 e5 33. Rc1
Bd5 34. Kb2 Rxg3 35. Re1 Re8 36. Ra6 e4 37. Rxa5 Bc6 38. Bb5 Kb7 39. Bxc6+ Kxc6
40. Rb5 e3 41. Rxb4 Rxh3 42. Rg4 Re5 43. Re2 Rf3 44. Kc3 Kd5 45. Kd3 c5 46. c4+
Kc6 47. Re4 Rxe4 48. Kxe4 Rf4+ 49. Kxe3 Kb6 50. Kd2 g4 51. Re6+ Ka5 52. Rg6 Rf3
53. Rxg4 Rxb3 54. Kc2 Rh3 55. Rg8 Kb4 56. a5 Kxc4 57. a6 Rh2+ 58. Kb1 Rh1+
 1/2-1/2

[Event "2. Bundesliga West 2015/16"]
[Site "Bludenz"]
[Date "2015.11.28"]
[Round "4"]
[Board "6"]
[White "Kranewitter, Norbert"]
[Black "Babinetz, Rainer"]
[Result "0-1"]
[WhiteElo "2049"]
[BlackElo "2011"]
[PlyCount "94"]
[EventDate "2015.10.16"]
[EventType "team"]
[EventRounds "11"]
[EventCountry "AUT"]
[WhiteTeam "Kufstein/Woergl"]
[BlackTeam "Rochade Rum"]

1. e4 d5 2. exd5 Qxd5 3. Nc3 Qd6 4. d4 Nf6 5. Bc4 a6 6. Nf3 b5 7. Bb3 Bb7 8.
Ne5 e6 9. Bf4 Qb6 10. O-O Bd6 11. Re1 Nbd7 12. Be3 Bxe5 13. dxe5 Qc6 14. f3 Ng4
15. Qe2 Ngxe5 16. Bd4 Ng6 17. Bd5 Nf4 18. Bxc6 Nxe2+ 19. Nxe2 Bxc6 20. Nf4 Nf6
21. Rad1 O-O-O 22. Kf2 Rhg8 23. Bc3 Rd7 24. Ke2 Rxd1 25. Rxd1 e5 26. Nh3 g5 27.
g4 Nd5 28. Bd2 f6 29. Nf2 h5 30. h3 Re8 31. Ne4 Nf4+ 32. Bxf4 exf4 33. gxh5 f5
34. Rg1 fxe4 35. fxe4 Rxe4+ 36. Kd2 Re5 37. h6 Be4 38. Re1 Rd5+ 39. Kc3 Bh7 40.
Re7 Rd7 41. Re5 f3 42. Re8+ Rd8 43. Rxd8+ Kxd8 44. Kd2 Ke7 45. c3 Kf6 46. Ke3
Be4 47. b3 Kg6 0-1

[Event "2. Bundesliga West 2015/16"]
[Site "Bludenz"]
[Date "2015.11.29"]
[Round "5"]
[Board "1"]
[White "Nuber, Blasius"]
[Black "Vogel, Roven"]
[Result "1/2-1/2"]
[WhiteElo "2349"]
[BlackElo "2408"]
[PlyCount "93"]
[EventDate "2015.10.16"]
[EventType "team"]
[EventRounds "11"]
[EventCountry "AUT"]
[WhiteTeam "SPG Voels/HAK/HAS Innsbruck"]
[BlackTeam "Dornbirn"]

1. e4 c5 2. c3 d5 3. exd5 Nf6 4. d4 cxd4 5. Nf3 Nxd5 6. cxd4 g6 7. Nc3 Bg7 8.
Be2 O-O 9. O-O Nc6 10. Bg5 Be6 11. Qd2 Qb6 12. Rfd1 Rfd8 13. h3 Qa5 14. Bh6 Nf6
15. Bxg7 Kxg7 16. Qe3 h6 17. a3 Nd5 18. Nxd5 Bxd5 19. b4 Qc7 20. Rac1 a6 21.
Ne5 Qd6 22. Bf3 Nxe5 23. dxe5 Qe6 24. Bg4 f5 25. exf6+ Qxf6 26. Rc7 h5 27.
Rxe7+ Bf7 28. Rxd8 Rxd8 29. Be2 b5 30. Qe5 Qxe5 31. Rxe5 Bd5 32. Re3 Rc8 33. h4
Kf6 34. Kh2 Rc7 35. Kg3 Bc4 36. Bf3 a5 37. bxa5 Ra7 38. Be2 Bxe2 39. Rxe2 Rxa5
40. Re3 Ra4 41. Rb3 Rg4+ 42. Kf3 Rxh4 43. Rxb5 Ra4 44. Rb3 g5 45. Ke2 h4 46.
Rf3+ Ke5 47. Re3+ 1/2-1/2

[Event "2. Bundesliga West 2015/16"]
[Site "Bludenz"]
[Date "2015.11.29"]
[Round "5"]
[Board "2"]
[White "Drabke, Lorenz"]
[Black "Wachinger, Guenther"]
[Result "1-0"]
[WhiteElo "2462"]
[BlackElo "2233"]
[PlyCount "41"]
[EventDate "2015.10.16"]
[EventType "team"]
[EventRounds "11"]
[EventCountry "AUT"]
[WhiteTeam "Dornbirn"]
[BlackTeam "SPG Voels/HAK/HAS Innsbruck"]

1. e4 c5 2. Nc3 e6 3. g3 d5 4. exd5 exd5 5. Bg2 Nf6 6. d3 d4 7. Ne4 Nxe4 8.
dxe4 Nc6 9. Ne2 Bd6 10. O-O O-O 11. Nf4 f5 12. c3 Bxf4 13. Bxf4 Qf6 14. exf5
Qxf5 15. Qb3+ Kh8 16. Rae1 Qh5 17. Qb5 Bh3 18. Bxh3 Qxh3 19. Qxb7 Rac8 20. Bd6
Rfd8 21. Bc7 1-0

[Event "2. Bundesliga West 2015/16"]
[Site "Bludenz"]
[Date "2015.11.29"]
[Round "5"]
[Board "3"]
[White "Georgiev, Georgi"]
[Black "Novkovic, Milan"]
[Result "0-1"]
[WhiteElo "2107"]
[BlackElo "2380"]
[PlyCount "100"]
[EventDate "2015.10.16"]
[EventType "team"]
[EventRounds "11"]
[EventCountry "AUT"]
[WhiteTeam "SPG Voels/HAK/HAS Innsbruck"]
[BlackTeam "Dornbirn"]

1. d4 d5 2. Nf3 Nf6 3. Bf4 c5 4. c3 e6 5. e3 Nc6 6. Nbd2 Bd6 7. Ne5 Qc7 8. Bb5
O-O 9. Ndf3 Nh5 10. Bxc6 Nxf4 11. Ba4 Nh5 12. Bc2 Nf6 13. Qb1 b5 14. O-O a5 15.
Qd1 Ba6 16. Re1 b4 17. a3 bxc3 18. bxc3 Ne4 19. c4 cxd4 20. exd4 Bxc4 21. Nxc4
Qxc4 22. Nd2 Nxd2 23. Qxd2 Rfc8 24. Rec1 Qa6 25. a4 Qa7 26. Bd3 g6 27. Bb5 Bf8
28. g3 Bg7 29. Rxc8+ Rxc8 30. Rd1 Bf8 31. Qe3 Rc2 32. Rd2 Rxd2 33. Qxd2 Bg7 34.
Kg2 Bxd4 35. h4 h5 36. f3 Qc5 37. g4 hxg4 38. fxg4 Qc3 39. Qe2 Qb2 40. Kf3
Qxe2+ 41. Kxe2 Kf8 42. g5 Ke7 43. Kf3 e5 44. Bc6 Ke6 45. Bb7 e4+ 46. Kg4 f5+
47. gxf6 Bxf6 48. Bc6 Ke5 49. Be8 d4 50. Bb5 d3 0-1

[Event "2. Bundesliga West 2015/16"]
[Site "Bludenz"]
[Date "2015.11.29"]
[Round "5"]
[Board "4"]
[White "Schmidlechner, Alexander"]
[Black "Niedermeier, Thomas"]
[Result "1/2-1/2"]
[WhiteElo "2217"]
[BlackElo "2194"]
[PlyCount "84"]
[EventDate "2015.10.16"]
[EventType "team"]
[EventRounds "11"]
[EventCountry "AUT"]
[WhiteTeam "Dornbirn"]
[BlackTeam "SPG Voels/HAK/HAS Innsbruck"]

1. d4 Nf6 2. c4 g6 3. Nc3 Bg7 4. e4 d6 5. Nf3 O-O 6. Be2 e5 7. d5 a5 8. Bg5 h6
9. Be3 Ng4 10. Bd2 f5 11. h3 Nf6 12. exf5 gxf5 13. Qc1 f4 14. g3 e4 15. Nh4 e3
16. fxe3 fxg3 17. Ng6 Re8 18. Qc2 Na6 19. O-O-O Nb4 20. Qb1 Ne4 21. Nxe4 Bf5
22. Bxb4 Bxe4 23. Bd3 Bxh1 24. Bd2 Bf3 25. Rg1 Qg5 26. h4 Qg4 27. Nf4 Re5 28.
Bh7+ Kf8 29. Qg6 Qxg6 30. Nxg6+ Kf7 31. Nxe5+ Bxe5 32. Bc3 Bxc3 33. bxc3 Be2
34. c5 Rh8 35. Bf5 dxc5 36. Rxg3 Kf6 37. Bb1 Ke5 38. Kd2 Bc4 39. e4 Rf8 40. Rg6
Rf6 41. Rg7 Rf2+ 42. Kc1 Rf1+ 1/2-1/2

[Event "2. Bundesliga West 2015/16"]
[Site "Bludenz"]
[Date "2015.11.29"]
[Round "5"]
[Board "5"]
[White "Sovago, Philipp"]
[Black "Kanonier, Clemens"]
[Result "0-1"]
[WhiteElo "1917"]
[BlackElo "2117"]
[PlyCount "62"]
[EventDate "2015.10.16"]
[EventType "team"]
[EventRounds "11"]
[EventCountry "AUT"]
[WhiteTeam "SPG Voels/HAK/HAS Innsbruck"]
[BlackTeam "Dornbirn"]

1. d4 d5 2. c4 e6 3. Nc3 c6 4. Nf3 Nf6 5. Bg5 dxc4 6. a4 Bb4 7. Qc2 Nbd7 8. e3
b5 9. axb5 cxb5 10. Nd2 Qb6 11. e4 Bb7 12. f3 a6 13. Rd1 O-O 14. Be2 Qxd4 15.
Nxc4 Qc5 16. Be3 Qc7 17. Nd2 Rfc8 18. Rc1 Bc5 19. Nd1 Qb6 20. Bxc5 Rxc5 21. Qb1
Rxc1 22. Qxc1 Rc8 23. Qb1 Ne5 24. b3 h6 25. g4 Ng6 26. h4 Qd6 27. Nf1 Nf4 28.
g5 Qd4 29. Nde3 Nxe4 30. gxh6 Qb4+ 31. Kd1 Nf2# 0-1

[Event "2. Bundesliga West 2015/16"]
[Site "Bludenz"]
[Date "2015.11.29"]
[Round "5"]
[Board "6"]
[White "Ruescher, Christian"]
[Black "Irschick, Christoph"]
[Result "1-0"]
[WhiteElo "2093"]
[BlackElo "2003"]
[PlyCount "83"]
[EventDate "2015.10.16"]
[EventType "team"]
[EventRounds "11"]
[EventCountry "AUT"]
[WhiteTeam "Dornbirn"]
[BlackTeam "SPG Voels/HAK/HAS Innsbruck"]

1. e4 e6 2. Qe2 d5 3. exd5 Qxd5 4. Nc3 Qa5 5. Nf3 Nf6 6. Ne5 c6 7. d4 Nbd7 8.
Nc4 Qc7 9. Qf3 Nb6 10. Bf4 Qd8 11. O-O-O Nxc4 12. Bxc4 Nd5 13. Ne4 Nxf4 14.
Qxf4 Be7 15. h4 b5 16. Bd3 Qd5 17. Nc3 Qd6 18. Qxd6 Bxd6 19. Be4 Bd7 20. Nxb5
Bf4+ 21. Kb1 Rb8 22. Na3 O-O 23. g3 Bc7 24. Nc4 f6 25. f4 Rb4 26. b3 Rfb8 27.
Nb2 Be8 28. c3 R4b5 29. Rhe1 e5 30. fxe5 fxe5 31. d5 cxd5 32. Bxd5+ Kh8 33. c4
Bg6+ 34. Be4 R5b6 35. Rd7 Bxe4+ 36. Rxe4 Rc8 37. Nd3 Re6 38. Nf4 Ree8 39. Nd5
Bb8 40. Rg4 g6 41. Nf6 Rc7 42. Rxc7 1-0

[Event "2. Bundesliga West 2015/16"]
[Site "Bludenz"]
[Date "2015.11.29"]
[Round "5"]
[Board "1"]
[White "Lanka, Zigurds"]
[Black "Kessler, Luca"]
[Result "1/2-1/2"]
[WhiteElo "2422"]
[BlackElo "2324"]
[PlyCount "79"]
[EventDate "2015.10.16"]
[EventType "team"]
[EventRounds "11"]
[EventCountry "AUT"]
[WhiteTeam "Zillertal"]
[BlackTeam "Goetzis 2"]

1. e4 c5 2. Nf3 e6 3. d4 cxd4 4. Nxd4 Nc6 5. Nc3 Qc7 6. Be2 Nf6 7. a3 Be7 8. f4
d6 9. Be3 O-O 10. O-O Nxd4 11. Qxd4 b6 12. f5 Bb7 13. fxe6 fxe6 14. Qc4 Qxc4
15. Bxc4 d5 16. exd5 exd5 17. Ba2 Bc5 18. Bxc5 bxc5 19. Rad1 Rfd8 20. Rfe1 Kf8
21. Ne2 Rd6 22. Nf4 Re8 23. Rxe8+ Kxe8 24. b4 Ra6 25. Re1+ Kf7 26. bxc5 Rxa3
27. Bb3 a5 28. Ne6 a4 29. Nd8+ Kg6 30. Bxa4 Rxa4 31. Nxb7 Rc4 32. Re2 Ne4 33.
Kf1 Nxc5 34. Nxc5 Rxc5 35. Ke1 Kf6 36. Kd2 Rc4 37. Kd3 h5 38. h3 h4 39. Re8 g5
40. c3 1/2-1/2

[Event "2. Bundesliga West 2015/16"]
[Site "Bludenz"]
[Date "2015.11.29"]
[Round "5"]
[Board "2"]
[White "Bilchinski, Anton"]
[Black "Hausner, Ivan"]
[Result "0-1"]
[WhiteElo "2260"]
[BlackElo "2332"]
[PlyCount "64"]
[EventDate "2015.10.16"]
[EventType "team"]
[EventRounds "11"]
[EventCountry "AUT"]
[WhiteTeam "Goetzis 2"]
[BlackTeam "Zillertal"]

1. d4 d6 2. Nf3 Bg4 3. c4 Nd7 4. d5 e5 5. dxe6 Bxe6 6. e4 Ngf6 7. Nc3 g6 8. Be2
Bg7 9. Nd4 O-O 10. O-O Re8 11. f3 Ne5 12. Nxe6 fxe6 13. f4 Nf7 14. f5 exf5 15.
exf5 g5 16. Qd3 c6 17. Be3 Qe7 18. Bd4 Ne5 19. Qd2 h6 20. Rae1 a6 21. a4 Rad8
22. Kh1 Qc7 23. Qe3 c5 24. Bxe5 Rxe5 25. Qf2 Rde8 26. Bf3 Kf8 27. Bd5 Ng4 28.
Qg3 Rxe1 29. Rxe1 Rxe1+ 30. Qxe1 Qe7 31. Be6 Bxc3 32. bxc3 Qf6 0-1

[Event "2. Bundesliga West 2015/16"]
[Site "Bludenz"]
[Date "2015.11.29"]
[Round "5"]
[Board "3"]
[White "Tabernig, Bernhard"]
[Black "Gretz, Denis"]
[Result "1/2-1/2"]
[WhiteElo "2328"]
[BlackElo "2073"]
[PlyCount "90"]
[EventDate "2015.10.16"]
[EventType "team"]
[EventRounds "11"]
[EventCountry "AUT"]
[WhiteTeam "Zillertal"]
[BlackTeam "Goetzis 2"]

1. d4 f5 2. g3 Nf6 3. Bg2 g6 4. Nh3 Bg7 5. c3 Nc6 6. Qb3 d5 7. Nf4 e6 8. Nd2
O-O 9. h4 Ne4 10. Nf3 Na5 11. Qc2 c5 12. dxc5 Nxc5 13. h5 e5 14. hxg6 exf4 15.
gxh7+ Kh8 16. Bxf4 Nc4 17. Nh4 Qe8 18. Rd1 Be6 19. Bxd5 Rd8 20. Bxc4 Rxd1+ 21.
Qxd1 Bxc4 22. Be3 Ne4 23. Bd4 Qf7 24. Bxg7+ Qxg7 25. Qd4 Qxd4 26. Ng6+ Kg7 27.
cxd4 Kxg6 28. h8=Q Rxh8 29. Rxh8 Bxa2 30. f3 Nxg3 31. e3 Nh5 32. Kf2 Nf6 33.
Kg3 Nh5+ 34. Kh4 Nf6 35. Rd8 Bd5 36. Kg3 Nh5+ 37. Kf2 Nf6 38. b4 a6 39. Kg3
Nh5+ 40. Kf2 Nf6 41. Rc8 Bc6 42. Kg3 Nd5 43. e4 fxe4 44. fxe4 Nxb4 45. Kf4 Kf6
 1/2-1/2

[Event "2. Bundesliga West 2015/16"]
[Site "Bludenz"]
[Date "2015.11.29"]
[Round "5"]
[Board "4"]
[White "Jussupow, Nadia"]
[Black "Kupfner, Franz"]
[Result "1-0"]
[WhiteElo "2105"]
[BlackElo "2200"]
[PlyCount "147"]
[EventDate "2015.10.16"]
[EventType "team"]
[EventRounds "11"]
[EventCountry "AUT"]
[WhiteTeam "Goetzis 2"]
[BlackTeam "Zillertal"]

1. e4 c5 2. Nf3 d6 3. d4 cxd4 4. Nxd4 Nf6 5. Nc3 Nc6 6. Bg5 Bd7 7. Qd2 Nxd4 8.
Qxd4 Qa5 9. f4 h6 10. Bxf6 gxf6 11. O-O-O Rg8 12. Kb1 e6 13. g3 Be7 14. f5
O-O-O 15. Bh3 Kb8 16. Rhf1 Rg5 17. Rf3 Qe5 18. Qf2 Qc5 19. Qd2 Bc8 20. Ne2 Qe5
21. Nd4 Bd7 22. Rb3 Ka8 23. Nf3 Qc5 24. Nxg5 hxg5 25. Bg2 Qe5 26. Qb4 Bc6 27.
Ra3 Qc5 28. Qxc5 dxc5 29. Rxd8+ Bxd8 30. Rd3 Be7 31. fxe6 fxe6 32. Bh3 e5 33.
Be6 Kb8 34. Bd5 Be8 35. h4 Kc7 36. Rd2 Bh5 37. Be6 Be8 38. h5 Bf8 39. g4 Bg7
40. Kc1 b6 41. Kd1 a5 42. Ke2 Bf8 43. Ke3 Bh6 44. b3 Bg7 45. a4 Bf8 46. Bc4 Bd7
47. Rf2 Bg7 48. h6 Bh8 49. Kf3 Bc8 50. Rd2 Bd7 51. Bf7 Bc6 52. Be6 Be8 53. Bc4
Bd7 54. Bb5 Be6 55. h7 Bc8 56. Bc4 Bd7 57. Bf7 Bc6 58. Rh2 Kd8 59. Rh6 Ke7 60.
Rg6 Kxf7 61. Rg8 Bg7 62. h8=Q Bxh8 63. Rxh8 Ke7 64. Rb8 Kd7 65. c4 Kd6 66. Rxb6
Kc7 67. Ra6 Kb7 68. Rxa5 Kb6 69. Rb5+ Bxb5 70. cxb5 Ka5 71. Ke3 Kb6 72. Kd3 Ka5
73. Kc3 Kb6 74. Kc4 1-0

[Event "2. Bundesliga West 2015/16"]
[Site "Bludenz"]
[Date "2015.11.29"]
[Round "5"]
[Board "5"]
[White "Schiestl, Josef"]
[Black "Kranz, Armin"]
[Result "1/2-1/2"]
[WhiteElo "2128"]
[BlackElo "2131"]
[PlyCount "59"]
[EventDate "2015.10.16"]
[EventType "team"]
[EventRounds "11"]
[EventCountry "AUT"]
[WhiteTeam "Zillertal"]
[BlackTeam "Goetzis 2"]

1. e4 e5 2. Bc4 Nc6 3. Nf3 Bc5 4. d3 Nf6 5. c3 a6 6. Bb3 d6 7. Nbd2 Ba7 8. h3
O-O 9. Nf1 d5 10. Qe2 Be6 11. Bg5 dxe4 12. dxe4 Bxb3 13. axb3 Qd6 14. Ng3 Qe6
15. O-O h6 16. Bxf6 Qxf6 17. Nf5 Rad8 18. Rfd1 Rfe8 19. b4 Bb6 20. Ne3 Bxe3 21.
Qxe3 Rd6 22. Kf1 Red8 23. Rd2 Rxd2 24. Nxd2 Qd6 25. Nc4 Qe6 26. Qe2 Qg6 27. f3
Qg5 28. Rd1 Kf8 29. Rxd8+ Qxd8 30. g3 1/2-1/2

[Event "2. Bundesliga West 2015/16"]
[Site "Bludenz"]
[Date "2015.11.29"]
[Round "5"]
[Board "6"]
[White "Ferk, Martin"]
[Black "Kroell, Johannes"]
[Result "1/2-1/2"]
[WhiteElo "1938"]
[BlackElo "2196"]
[PlyCount "81"]
[EventDate "2015.10.16"]
[EventType "team"]
[EventRounds "11"]
[EventCountry "AUT"]
[WhiteTeam "Goetzis 2"]
[BlackTeam "Zillertal"]

1. d4 b6 2. c4 Bb7 3. Nc3 e6 4. Nf3 Bb4 5. Qc2 Nf6 6. Bg5 h6 7. Bh4 g5 8. Bg3
Ne4 9. a3 Bxc3+ 10. bxc3 O-O 11. Nd2 f5 12. f3 Nxg3 13. hxg3 Qf6 14. e4 d6 15.
Bd3 Nd7 16. O-O-O Kg7 17. Rh5 f4 18. Rdh1 Rh8 19. gxf4 Qxf4 20. R5h3 e5 21. Kb2
Qf6 22. Nf1 exd4 23. Ng3 dxc3+ 24. Qxc3 Qxc3+ 25. Kxc3 Raf8 26. Nf5+ Kf6 27.
Rxh6+ Rxh6 28. Rxh6+ Ke5 29. Rh7 Bc8 30. Ne7 Ke6 31. Nf5 Rf7 32. Nd4+ Kf6 33.
Rxf7+ Kxf7 34. Nb5 Ke6 35. Nxc7+ Ke5 36. Nd5 Bb7 37. Ne3 Nc5 38. Bc2 Bc8 39.
Nd5 Be6 40. g3 Bxd5 41. exd5 1/2-1/2

[Event "2. Bundesliga West 2015/16"]
[Site "Bludenz"]
[Date "2015.11.29"]
[Round "5"]
[Board "1"]
[White "Studer, Noël"]
[Black "Palac, Mladen"]
[Result "0-1"]
[WhiteElo "2405"]
[BlackElo "2581"]
[PlyCount "92"]
[EventDate "2015.10.16"]
[EventType "team"]
[EventRounds "11"]
[EventCountry "AUT"]
[WhiteTeam "Hohenems II"]
[BlackTeam "Schwarzach"]

1. e4 c5 2. Nf3 d6 3. d4 cxd4 4. Nxd4 Nf6 5. Nc3 a6 6. Be3 Ng4 7. Bg5 h6 8. Bh4
g5 9. Bg3 Bg7 10. h3 Ne5 11. f3 Nbc6 12. Bf2 Ng6 13. Nd5 Rb8 14. Qd2 e6 15. Nc3
Bd7 16. O-O-O Be5 17. Kb1 h5 18. h4 Nxh4 19. Nde2 Ng6 20. Be3 Bf6 21. e5 Ncxe5
22. Ng3 d5 23. Nxh5 Be7 24. Bd4 Rg8 25. Qe3 Qc7 26. g3 b5 27. f4 gxf4 28. gxf4
Ng4 29. Qf3 b4 30. Nb5 axb5 31. Qxg4 f5 32. Ng7+ Kf7 33. Qh3 Rh8 34. Nh5 Rh7
35. Be2 Rc8 36. Qd3 Qa5 37. Rdg1 Ra8 38. Qg3 Qxa2+ 39. Kc1 Rg8 40. Bg7 Nf8 41.
Qf3 Bc5 42. Rg5 Rgxg7 43. Rxg7+ Rxg7 44. Nxg7 Kxg7 45. Qg3+ Ng6 46. Bh5 Be8 {
Rest unleserlich.} 0-1

[Event "2. Bundesliga West 2015/16"]
[Site "Bludenz"]
[Date "2015.11.29"]
[Round "5"]
[Board "2"]
[White "Biti, Ozren"]
[Black "Amann, Guenter"]
[Result "1/2-1/2"]
[WhiteElo "2353"]
[BlackElo "2347"]
[PlyCount "141"]
[EventDate "2015.10.16"]
[EventType "team"]
[EventRounds "11"]
[EventCountry "AUT"]
[WhiteTeam "Schwarzach"]
[BlackTeam "Hohenems II"]

1. e4 e6 2. d3 d5 3. Qe2 Nf6 4. Nf3 Be7 5. g3 b5 6. Bg2 O-O 7. O-O c5 8. Re1
Nc6 9. e5 Nd7 10. c3 Bb7 11. h4 Nb6 12. Bg5 Re8 13. Nbd2 Qc7 14. Bxe7 Qxe7 15.
d4 cxd4 16. cxd4 Nc4 17. Nf1 a5 18. b3 Na3 19. Ne3 b4 20. h5 h6 21. Ng4 Ba6 22.
Qd2 Kh7 23. Bf1 Bxf1 24. Rxf1 Rec8 25. Rfc1 Rc7 26. Kg2 Rac8 27. Rc5 Na7 28.
Rxa5 Rc3 29. Qf4 N7b5 30. Ne3 Qc7 31. Ra4 Nc2 32. Nxc2 Rxc2 33. Rxb4 Qc3 34.
Rxb5 Qxa1 35. Rb7 Qxa2 36. Rxf7 Rxf2+ 37. Kh3 Kh8 38. Qg4 Rg8 39. Qxe6 Qe2 40.
Kg4 Rg2 41. Qf5 Rf2 42. e6 Rxf3 43. Qxf3 Qxe6+ 44. Qf5 Qc6 45. Rf8 Rxf8 46.
Qxf8+ Kh7 47. Qf5+ Kh8 48. Kf4 Qb5 49. b4 Qb8+ 50. Qe5 Qf8+ 51. Kg4 Qc8+ 52.
Kf3 Qf8+ 53. Ke3 Qxb4 54. Qxd5 Qe1+ 55. Kf4 Qd2+ 56. Kg4 Qd1+ 57. Kf4 Qd2+ 58.
Kf5 Qg5+ 59. Ke6 Qxg3 60. Qf5 Qe3+ 61. Kf7 Qc3 62. Qe5 Qf3+ 63. Ke7 Qb7+ 64.
Kf8 Qf3+ 65. Ke8 Qa8+ 66. Kd7 Qb7+ 67. Ke6 Qc8+ 68. Ke7 Qb7+ 69. Kf8 Qf3+ 70.
Ke7 Qb7+ 71. Kf8 1/2-1/2